00825nam a2200241 i 45000010005000000030009000050050017000140070003000310080041000340200018000750800017000930800028001101000046001382450075001842500012002592600035002713000040003064900030003468300037003768520033004139990015004469520122004619696ES-MaACL20250911062632.0t|931129s1993 sp ||||1| spa d a84-233-2319-6 a86-311.6"19" a86(Sampedro,J.L.7 R.01)1 aSampedro, José Luis,d1917-2013910218510aReal sitio b: los círculos del tiempo III / cJosé Luis Sampedro. a1ª ed. aBarcelona : bDestino, c1993. a587 p., [2] h. de lám. ; c20 cm.1 aAncora y delfín ; v70000aÁncora y Delfínv7009151298 aES-MaACLjL-17263 bR.122194 c9696d9696 00104070aATENEOMbATENEOMcDEPO2d2008-01-17eSCl0oL-17263p1009895r2023-02-23 00:00:00w2023-02-23yMONOGRAFIA